Deutsche Lieder nach Buchstabe - D - Statistiken

Allgemein
  • Dieses Quiz wurde 321 mal gespielt
  • Das Durchschnittsergebnis liegt bei 8 aus 18
Antwortstatistiken
Titel Interpret % Korrekt
Durch den Monsun Tokio Hotel
87%
Dieser Weg Xavier Naidoo
74%
Du hast mich tausendmal belogen Andrea Berg
67%
Die immer lacht Kerstin Ott
67%
Du hast Rammstein
67%
Der Nippel Mike Krüger
56%
Das Model Kraftwerk
51%
Da da da Trio
50%
Denkmal Wir sind Helden
50%
Du trägst keine Liebe in dir Echt
43%
Dein ist mein ganzes Herz Heinz Rudolf Kunze
42%
Die Eine (2005) Die Firma
37%
Der Weg Herbert Grönemeyer
32%
Der letzte Sommer Y-Titty
25%
Du kannst nicht immer 17 sein Chris Roberts
24%
Der blaue Planet Karat
24%
Du liebst mich nicht Sabrina Setlur
22%
Du schreibst Geschichte Madsen
19%
Keine übereinstimmenden Quizze gefunden
Verteilung der Resultate
Anzahl Personen mit jedem Resultat
Perzentil nach korrekt beantworteten Fragen
Ihre Resultats-Entwicklung
Sie haben dieses Quiz noch nicht gespielt